000 00505nam a2200193Ia 4500
999 _c27341
_d27341
003 OSt
005 20201202121253.0
008 190216s9999||||xx |||||||||||||| ||und||
020 _a8171304532
040 _coclc
082 _a894.8123
_bKES/A
100 _aKesavadev, P
_96490
245 0 _aAyalkkar /
_cP Kesavadev
250 _a1st Ed.
260 _bDc Books,
_aKottayam:
_c1995.
300 _a271p
650 _aNovel
942 _cBK
_2ddc
_h894.8123
_iKES/A
_k894.8123
_mKES/A